Оценка уровня финансового риска; Перспективы развития фундаментальных наук

Dettagli Bibliografici
Parent link:Перспективы развития фундаментальных наук.— 2008.— С. 276-277
Autore principale: Молчанова Е. В.
Altri autori: Крицкий О. Л. (научный руководитель)
Lingua:russo
Pubblicazione: 2008
Soggetti:
Natura: Capitolo di libro
KOHA link:https://koha.lib.tpu.ru/cgi-bin/koha/opac-detail.pl?biblionumber=154599

MARC

LEADER 00000naa2a2200000 4500
001 154599
005 20231031151925.0
035 |a (RuTPU)RU\TPU\book\167692 
090 |a 154599 
100 |a 20090302d2008 k y0rusy50 ca 
101 0 |a rus 
102 |a RU 
200 1 |a Оценка уровня финансового риска  |f Е. В. Молчанова  |g науч. рук. О. Л. Крицкий 
320 |a Библиогр.: 3 назв. 
463 0 |0 (RuTPU)RU\TPU\book\161548  |t Перспективы развития фундаментальных наук  |o труды V Международной конференции студентов и молодых ученых, 20-23 мая 2008 г., Томск  |f Томский политехнический университет (ТПУ)  |v С. 276-277  |d 2008  |p 334 с. 
610 1 |a финансовые риски 
610 1 |a финансы 
610 1 |a риски 
610 1 |a оценка 
610 1 |a убытки 
610 1 |a акции 
610 1 |a котировки 
610 1 |a труды учёных ТПУ 
700 1 |a Молчанова  |b Е. В. 
702 1 |a Крицкий  |b О. Л.  |4 727 
801 1 |a RU  |b 63413507  |c 20090302  |g PSBO 
942 |c BK